Normal view
MARC view
Entry Personal Name
001 - CONTROL NUMBER
- control field: 2814
003 - CONTROL NUMBER IDENTIFIER
- control field: ARRUPE
005 - DATE AND TIME OF LATEST TRANSACTION
- control field: 20131023143526.0
008 - FIXED-LENGTH DATA ELEMENTS
- fixed length control field: 131023|| aca||aabn | a|a d
040 ## - CATALOGING SOURCE
- Original cataloging agency: ARRUPE
- Transcribing agency: ARRUPE
100 ## - HEADING--PERSONAL NAME
- Personal name: MacKay, Donald MacCrimmon,
- Dates associated with a name: 1922-
670 ## - SOURCE DATA FOUND
- Source citation: Work cat.: (ARRUPE)0: MacKay, Donald MacCrimmon, 1922-, Science, chance, and providence :, 1978.